00650nam a2200157 a 450000100100000000500170001000800410002704000250006810000360009324501010012926000370023030000210026704900090028895201780029799900170047500003588020200930074704.0111115s1966 xxu 000 0 spa d aDO-SdBNPbspacBNPHU1 aLewis, Oscard1914-1970.96187213aLa vida :ba Puerto Rican family in the culture of poverty-San Juan and New York /cOscar Lewis. aNew York :bRandom House,c1966. a667 p. ;c26 cm. aBNPD 001050718MOaGRbGRcHDd2011-11-15iLF1l0o p35880-10r2020-06-25w2020-06-25y1zPerteneció a la biblioteca personal de Juan Isidro Jimenes Grullón.ZNo se presta c35371d35371